LEADER 01554nam a2200253 4500 001 000000356231 003 CaOOAMICUS 005 20231128150218.0 008 231128s1903 it a 000 u ita r 040 $aSeMil$bita 100 1 $aCarrara, Bellino .$0(OLS)http://semarc/name/20908 245 13$aIl p. Angelo Secchi : $bdiscorso del prof. Bellino Carrara S. J. letto nella solenne commemorazione del 25. anniversario dalla sua morte nell'aula del Collegio sacro in Padova il 23 marzo 1903. 246 0 $aIl p. Angelo Secchi della Compagnia di Gesù 264 1$aPadova :$bTipografia del Seminario,$c1903. 300 $a34 p., $b1 c. di tav. ;$c23 cm 650 4$aSecchi, Angelo - Necrologie.$0(OLS)http://semarc/subject/17836 850 $aSeMil 852 $aSeMil$W1$xVenegono$y1$m5B IV 8/18$j244800$B247413$CSeMilBibl$Z2$F247413 $81 961 $aRecupero da Biblioteca Seminario liceale - Monza 961 $aEtichetta della Biblioteca del Seminario liceale di Monza. -- Con dedica autografa dell'autore al Rev. Mons. Alessandro De Giorgi, Rettore del Seminario di Monza 996 $6245$aIl p. Angelo Secchi : $bdiscorso del prof. Bellino Carrara S. J. letto nella solenne commemorazione del 25. anniversario dalla sua morte nell'aula del Collegio sacro in Padova il 23 marzo 1903$9(OLS)http://semarc/title/446489 996 $6246$aIl p. Angelo Secchi della Compagnia di Gesù$9(OLS)http://semarc/title/446490 996 $6264$aPadova :$bTipografia del Seminario$9(OLS)http://semarc/publisher/33223 LEADER 01079nam a2200193 i 4500 001 000000019901 003 CaOOAMICUS 005 20180830125444.0 008 180830s1957 fr u000 u und u 040 $aSeMil$bita 100 1 $aCapéran, Louis <1884-1962>.$0(OLS)http://semarc/name/8884 245 10$aHistoire contemporaine de la laïcité française /$cLouis Capéran. 260 $aParis :$bM. Rivière & C.,$c1957-1960. 300 $a2 v. ;$c23 cm. 773 0 $tBibliothèque des sciences politiques et sociales.$dParis : M. Rivière & C., [194.]$w()19902 774 0 $aCapéran, Louis <1884-1962>$tCrise du seize mai et la revanche républicaine.$dParis : M. Rivière & C., 1957.$kBibliothèque des sciences politiques et sociales$g1$w()70310 774 0 $aCapéran, Louis <1884-1962>$tRévolution scolaire.$dParis : M. Rivière & C., 1960.$kBibliothèque des sciences politiques et sociales$g2$w()174076 996 $6245$aHistoire contemporaine de la laïcité française$9(OLS)http://semarc/title/26193 996 $6260$aParis :$bM. Rivière & C.$9(OLS)http://semarc/publisher/35229